000 00415nam a22001337a 4500
008 250325b |||||||| |||| 00| 0 eng d
020 _a97897851451010
050 _aLB2805
_b.B83
100 _aBua Felix Terhile
245 _aCommunication and interpersonal relationship in educational management
260 _aMarkudi
_bTent-D Associates and consulting publishers
_c2020
650 _aSchool management
942 _cBK
999 _c2689
_d2689